| 000 -LEADER |
| fixed length control field |
01194pab a2200169 454500 |
| 008 - FIXED-LENGTH DATA ELEMENTS--GENERAL INFORMATION |
| fixed length control field |
180718b1998 xxu||||| |||| 00| 0 eng d |
| 100 ## - MAIN ENTRY--PERSONAL NAME |
| Personal name |
Fernandes, Leela |
| 245 ## - TITLE STATEMENT |
| Title |
Culture, structure and working class politics |
| 260 ## - PUBLICATION, DISTRIBUTION, ETC. |
| Date of publication, distribution, etc. |
1998 |
| 300 ## - PHYSICAL DESCRIPTION |
| Extent |
p.L53-60 |
| 362 ## - DATES OF PUBLICATION AND/OR SEQUENTIAL DESIGNATION |
| Dates of publication and/or sequential designation |
26 Dec |
| 520 ## - SUMMARY, ETC. |
| Summary, etc. |
This essay attempts to analyse certain forms of cultural politics as a means of demonstrating the varying layers of structural inequality that serve to constitute the working class. The author argues that criticisms of teleological unitary conceptions of the working class do not necessitate a shift from but rather a revision of the ways in which we think of structural analysis. By examining the linkages between class, gender and community in the jute mills it is possible to move away from a focus on the ways in which cultural difference forecloses class politics to an understanding of the ways in which different forms of class-based political practices may contest and reproduce the intersecting structural hierarchies which constitute the working class. - Reproduced |
| 650 ## - SUBJECT ADDED ENTRY--TOPICAL TERM |
| Topical term or geographic name entry element |
Labour - India - Kerala |
| 650 ## - SUBJECT ADDED ENTRY--TOPICAL TERM |
| Topical term or geographic name entry element |
Labour |
| 773 ## - HOST ITEM ENTRY |
| Main entry heading |
Economic and Political Weekly |
| 909 ## - |
| -- |
39813 |